书目信息 |
| 题名: |
凝动的音乐
|
|
| 作者: | 梁思成 著 | |
| 分册: | ||
| 出版信息: | 天津 百花文艺出版社 1998.04 |
|
| 页数: | 397页 | |
| 开本: | 32开 | |
| 丛书名: | ||
| 单 册: | ||
| 中图分类: | ||
| 科图分类: | ||
| 主题词: | 自然科学--普及读物 | |
| 电子资源: | ||
| ISBN: | 7-5306-2595-0 | |
| 000 | 00551nam0 2200205 45 | |
| 001 | 9909291011 | |
| 005 | 19990929105406.3 | |
| 010 | @a7-5306-2595-0@d18.80元 | |
| 100 | @a19990929d1998 km y0chiy0120 ea | |
| 101 | @achi | |
| 105 | @a z 000yy | |
| 200 | 1 | @a凝动的音乐@ANing Dong De Yin Yue@f梁思成著@FLiang Si Cheng Zhu |
| 210 | @a天津@c百花文艺出版社@d1998.04 | |
| 215 | @a397页@d32开 | |
| 606 | 0 | @a自然科学@x普及读物 |
| 690 | @v3 | |
| 690 | @aN49 | |
| 701 | @a梁思成@4著 | |
| 801 | @aCN@bPFTUser@c19990929 | |
| 905 | @f2@b40927-928@dN49@eL122 | |
| 凝动的音乐/梁思成著.-天津:百花文艺出版社,1998.04 |
| 397页;32开 |
| ISBN 7-5306-2595-0:18.80元 |
| ● |
| 相关链接 |
|
|
|
正题名:凝动的音乐
索取号:N49/L122
 
预约/预借
| 序号 | 登录号 | 条形码 | 馆藏地/架位号 | 状态 | 备注 |
| 1 | 40927 | 200409272 | 期刊室512/401自科库 138排1列5层/ [索取号:N49/L122] | 在馆 | |
| 2 | 40928 | 200409281 | 期刊室512/401自科库 138排1列5层/ [索取号:N49/L122] | 在馆 |